<?xml version="1.0" encoding="UTF-8"?>
<record
    xmlns:xsi="http://www.w3.org/2001/XMLSchema-instance"
    xsi:schemaLocation="http://www.loc.gov/MARC21/slim http://www.loc.gov/standards/marcxml/schema/MARC21slim.xsd"
    xmlns="http://www.loc.gov/MARC21/slim">

  <leader>00933nam a2200181Ia 4500</leader>
  <controlfield tag="008">121028s9999    xx            000 0 und d</controlfield>
  <datafield tag="020" ind1=" " ind2=" ">
    <subfield code="a">970-26-0695-0</subfield>
  </datafield>
  <datafield tag="050" ind1=" " ind2=" ">
    <subfield code="a">QC21.2 G53 2006</subfield>
  </datafield>
  <datafield tag="100" ind1=" " ind2=" ">
    <subfield code="a">GIANCOLI, Douglas C.</subfield>
  </datafield>
  <datafield tag="245" ind1=" " ind2=" ">
    <subfield code="a">F&#xED;sica : principios con aplicaciones / Douglas C. Giancoli ; traducci&#xF3;n: V&#xED;ctor Campos Olgu&#xED;n</subfield>
  </datafield>
  <datafield tag="250" ind1=" " ind2=" ">
    <subfield code="a">6a ed.</subfield>
  </datafield>
  <datafield tag="260" ind1=" " ind2=" ">
    <subfield code="a">M&#xE9;xico : Pearson Educaci&#xF3;n</subfield>
  </datafield>
  <datafield tag="300" ind1=" " ind2=" ">
    <subfield code="a">1 v. con paginaci&#xF3;n variada</subfield>
  </datafield>
  <datafield tag="500" ind1=" " ind2=" ">
    <subfield code="a">Incluye &#xED;ndices T&#xED;tulo original: Physics : principles with applications, 6th ed.</subfield>
  </datafield>
  <datafield tag="505" ind1=" " ind2=" ">
    <subfield code="a">Prefacio 1. Introducci&#xF3;n, medici&#xF3;n, estimaci&#xF3;n 2. Descripci&#xF3;n del movimiento: cinem&#xE1;tica en una dimensi&#xF3;n 3. Cinem&#xE1;tica en dos dimensiones; vectores 4. Din&#xE1;mica : leyes del movimiento de Newton 5. Movimiento circular y gravitaci&#xF3;n 6. Trabajo y energ</subfield>
  </datafield>
  <datafield tag="650" ind1=" " ind2=" ">
    <subfield code="a">F&#xED;sica - Estudio y ense&#xF1;anza \ 2. F&#xED;sica - Libros de texto</subfield>
  </datafield>
  <datafield tag="700" ind1=" " ind2=" ">
    <subfield code="a">Campos Olgu&#xED;n, V&#xED;ctor, tr.&#xCC;</subfield>
  </datafield>
  <datafield tag="952" ind1=" " ind2=" ">
    <subfield code="0">0</subfield>
    <subfield code="1">0</subfield>
    <subfield code="4">0</subfield>
    <subfield code="7">0</subfield>
    <subfield code="a">14</subfield>
    <subfield code="b">14</subfield>
    <subfield code="d">2009-09-22</subfield>
    <subfield code="l">2</subfield>
    <subfield code="o">QC21.2 G53 2006</subfield>
    <subfield code="p">14 001418</subfield>
    <subfield code="r">2015-11-09</subfield>
    <subfield code="s">2015-11-09</subfield>
    <subfield code="t">1</subfield>
    <subfield code="w">2012-10-28</subfield>
    <subfield code="y">LB</subfield>
  </datafield>
  <datafield tag="999" ind1=" " ind2=" ">
    <subfield code="c">85173</subfield>
    <subfield code="d">85173</subfield>
  </datafield>
</record>
